000 00278nam a2200109Ia 4500
001 1275896
005 20260417160436.0
008 260417s9999 xx 000 0 und d
020 _a9786257854627
245 0 _aEvimizdeki Canavar
_cNura Abbas El-Huwari
260 _bKetebe Çocuk
999 _c1275896
_d1275896